006540000a220018100045001000026000007000031000267000019000577000018000767000020000947000020001147000024001347000018001582450204001760440015003800410013003956510035004087730029004431 aCadena, Carlos Daniel1 aLópez Lanús, Bernabé1 aBates, John M.1 aKrabbe, Niels1 aRice, Nathan H.1 aStiles, F. Gary1 aPalacio, Juan Diego1 aSalaman, Paul10aRare case of interspecific hybridation in the tracheophone suboscines Chesnut-naped Antpitta Grallaria nuchalis x Chestnut-crowned Antpitta G. ruficapilla in a fragmented Andean landscapeCorantioquia aInglaterra0 aInglés 4pColombiadTolimamRoncesvalles1 tIbisq814-825d2007g149